Access all areas (Record no. 72676)

MARC details
000 -LEADER
fixed length control field 01277cam a2200205 4500
001 - CONTROL NUMBER
control field WB3918-04
008 - FIXED-LENGTH DATA ELEMENTS--GENERAL INFORMATION
fixed length control field 030515n2003 000 0 eng u
035 ## - SYSTEM CONTROL NUMBER
System control number (Sirsi) u122292
245 ## - TITLE STATEMENT
Title Access all areas
260 ## - PUBLICATION, DISTRIBUTION, ETC.
Date of publication, distribution, etc. 2003
490 ## - SERIES STATEMENT
Series statement Department for Work and Pensions Press Release
Volume/sequential designation 15 May 2003 (2)
520 ## - SUMMARY, ETC.
Summary, etc. Government has launched a nationwide award scheme "Access all areas" to encourage small businesses to make their services more accessible for disabled people. A video "Act now" has also been launched which explains the implications of the Disability Discrimination Act 1995 and provides practical advice for small organisations. A free information pack containing notes on the awards, "Act now", and leaflets "2004- what it means to you: a guide for service providers" and "The Disability Discrimination Act 1995: what employers need to know" is available from [email protected] or t +44 (0)08457 622633. Further information at www.disability.gov.uk.
590 ## - LOCAL NOTE (RLIN)
Local note WB
650 ## - SUBJECT ADDED ENTRY--TOPICAL TERM
Topical term or geographic name entry element SERVICE PROVIDERS
650 ## - SUBJECT ADDED ENTRY--TOPICAL TERM
Topical term or geographic name entry element SMALL BUSINESSES
650 ## - SUBJECT ADDED ENTRY--TOPICAL TERM
Topical term or geographic name entry element MANAGEMENT-BUSINESS MANAGEMENT-DISCRIMINATION-DISABILITY DISCRIMINATION-ACCESSIBILITY
650 ## - SUBJECT ADDED ENTRY--TOPICAL TERM
Topical term or geographic name entry element DISABILITY DISCRIMINATION ACT 1995
690 ## - LOCAL SUBJECT ADDED ENTRY--TOPICAL TERM (OCLC, RLIN)
Topical term or geographic name as entry element MANAGEMENT-BUSINESS MANAGEMENT
942 ## - ADDED ENTRY ELEMENTS (KOHA)
Suppress in OPAC 0
Holdings
Withdrawn status Lost status Source of classification or shelving scheme Damaged status Not for loan Home library Current library Shelving location Date acquired Total Checkouts Full call number Barcode Date last seen Copy number Price effective from Koha item type
    Dewey Decimal Classification     London London News article 15/05/2003   WB3918-04 122292-1001 06/08/2019 1 06/08/2019 News article